Statistics for Self-Declared Independent Countries

Click here to take the quiz!

General Stats

  • This quiz has been taken 101 times
  • The average score is 9 of 20

Answer Stats

#CountryAnswer% Correct
7IsraelPalestine
82%
11SerbiaKosovo
78%
10MoroccoWestern Sahara
77%
13SomaliaSomaliland
75%
12SpainCatalonia
72%
3CyprusNorthern cyprus
71%
5GeorgiaSouth Ossetia
67%
2ChinaTaiwan
66%
9MoldovaTransnistria
59%
19RussiaCrimea
56%
6GeorgiaAbkhazia
52%
8IsraelWest Bank
42%
4FranceNew Caledonia
24%
14UkraineDonetsk People's Republic
19%
15UkraineLuhansk People's Republic
19%
1AzerbaijanNagorno-Karabakh Republic
16%
17U.KSealand
11%
18DenmarkChristiania
5%
20U.S.ALakotah
5%
16U.S.ARepublic of Molossia
5%

Score Distribution

Percentile by Number Answered

Percent of People with Each Score

Your Score History

You have not taken this quiz